000 01606cam a2200397 a 4500
999 _c71669
_d71669
001 16350827
003 Nust
005 20180702073013.0
008 100727s2010 nyu 000 f eng
010 _a 2010029210
020 _a9781408802205 (pbk)
_cRs. 1076
035 _a(OCoLC)ocn606786158
038 _aArshad
040 _aDLC
_cDLC
_dYDX
_dBTCTA
_dYDXCP
_dCDX
_dORX
_dVP@
_dHBP
_dDLC
043 _aa-cc-sm
050 0 0 _aPS3624.U3
_bL67 2010
082 0 0 _a813.6
_bRUI
100 1 _aXu, Ruiyan.
_911353
245 1 4 _aThe lost and forgotten languages of Shanghai =
_bZai Shanghai shi luo de yu yan /
_cRuiyan Xu.
246 3 1 _aZai Shanghai shi luo de yu yan
250 _a1st ed.
260 _aNew York :
_bSt. Martin's Press,
_c2010.
300 _a341 p. ;
_c25 cm.
650 0 _aBrain damage
_xPatients
_vFiction.
_911354
650 0 _aNeurologists
_vFiction.
_911355
650 0 _aAmericans
_zChina
_zShanghai
_vFiction.
_911356
650 0 _aTriangles (Interpersonal relations)
_vFiction.
_97637
651 0 _aShanghai (China)
_vFiction.
_911357
655 7 _aLove stories.
_2gsafd
_9418
856 4 2 _3Contributor biographical information
_uhttp://www.loc.gov/catdir/enhancements/fy1112/2010029210-b.html
856 4 2 _3Publisher description
_uhttp://www.loc.gov/catdir/enhancements/fy1112/2010029210-d.html
856 4 1 _3Sample text
_uhttp://www.loc.gov/catdir/enhancements/fy1112/2010029210-s.html
906 _a7
_bcbc
_corignew
_d1
_eecip
_f20
_gy-gencatlg
942 _2ddc
_cBK